| 000 | 00877cam a2200217 a 4500 | ||
|---|---|---|---|
| 001 | 4463800 | ||
| 005 | 20260313183052.0 | ||
| 008 | 950921s1995 iaua b 100 0 eng | ||
| 020 | _a0787209716 | ||
| 020 | _a9780787209711 | ||
| 050 | 0 | 0 |
_aHV11 _b.S5883 1995 |
| 245 | 0 | 0 |
_aSocial work field education : _bviews and visions / _cedited by Gayla Rogers. |
| 260 |
_aDubuque, Iowa : _bKendall/Hunt Pub. Co., _cc1995. |
||
| 300 |
_aix, 548 p. : _bill. ; _c24 cm. |
||
| 500 | _a"Edited collection of refereed papers is drawn from the juried selections presented at the Conference on Field Education in Social Work held in Calgary, Canada, June 1994"--P. [4] of cover. | ||
| 650 | 0 |
_aSocial work education _vCongresses. |
|
| 650 | 0 |
_aSocial service _xFieldwork _vCongresses. |
|
| 650 | 0 |
_aFieldwork (Educational method) _vCongresses. |
|
| 700 | 1 | _aRogers, Gayla. | |
| 942 |
_2lcc _cBK _n0 |
||
| 999 |
_c9049 _d9049 |
||